000 00292nam a22001337a 4500
008 170619b xxu||||| |||| 00| 0 eng d
020 _a0915144867
041 _aeng
080 _a328
100 _a20
101 _aSHP
245 _aSECOND TRATISE OF GOVERNMENT
_cLOCKE,J
942 _2udc
_cBK
999 _c18187
_d18187